| 000 | 00655nam a2200253Ia 4500 | ||
|---|---|---|---|
| 003 | OSt | ||
| 005 | 20220918163442.0 | ||
| 006 | a|||||r|||| 00| 0 | ||
| 007 | ta | ||
| 008 | 220917b |||||||| |||| 00| 0 eng d | ||
| 020 | _a0002730022 (pbk) | ||
| 024 | _a42,088 | ||
| 037 | _cTextual | ||
| 040 |
_aARTS _cARTS _beng |
||
| 041 |
_2eng _aeng |
||
| 082 | _aW, N4 | ||
| 100 |
_aHughes Robert _913232 |
||
| 245 | 0 |
_aCulture of complaint _b the fraying of America |
|
| 260 |
_aLondon _bHarvill _c1994 |
||
| 300 |
_ax,180p. _ccm. |
||
| 650 | _aPOLITICAL SCIENCE | ||
| 942 |
_hW, N4 _cTEXL _2CC |
||
| 999 |
_c119682 _d119682 |
||